| 000 | 00561nam a2200193Ia 4500 | ||
|---|---|---|---|
| 003 | OSt | ||
| 005 | 20201111140204.0 | ||
| 008 | 190216s9999||||xx |||||||||||||| ||und|| | ||
| 020 | _a9789380931890 | ||
| 040 | _coclc | ||
| 082 |
_a530.13 _bPAT/S |
||
| 100 |
_aPathria, R K _94413 |
||
| 245 | 0 |
_aStatistical Mechanics / _cR K Pathria ; Paul D Beale |
|
| 250 | _a3rd Ed. | ||
| 260 |
_bElsevier Science Publications, _c2011. _aUK: |
||
| 300 | _a718p | ||
| 650 | _aStatistical Mechanics | ||
| 942 |
_cBK _2ddc _h530.13 _iPAT/S _k530.13 _mPAT/S |
||
| 999 |
_c34532 _d34532 |
||